<?xml version="1.0" encoding="UTF-8"?>
<record
    xmlns:xsi="http://www.w3.org/2001/XMLSchema-instance"
    xsi:schemaLocation="http://www.loc.gov/MARC21/slim http://www.loc.gov/standards/marcxml/schema/MARC21slim.xsd"
    xmlns="http://www.loc.gov/MARC21/slim">

  <leader>00841nam a22002051a 4500</leader>
  <datafield tag="999" ind1=" " ind2=" ">
    <subfield code="c">23309</subfield>
    <subfield code="d">257809</subfield>
  </datafield>
  <controlfield tag="003">OSt</controlfield>
  <controlfield tag="005">20190718091601.0</controlfield>
  <controlfield tag="008">120517s2012    ua a   g      000 0 ara d</controlfield>
  <datafield tag="020" ind1=" " ind2=" ">
    <subfield code="a">97751256627</subfield>
  </datafield>
  <datafield tag="040" ind1=" " ind2=" ">
    <subfield code="a">&#x639;&#x645;&#x627;&#x62F;&#x629; &#x634;&#x624;&#x648;&#x646; &#x627;&#x644;&#x645;&#x643;&#x62A;&#x628;&#x627;&#x62A; &#x641;&#x64A; &#x62C;&#x627;&#x645;&#x639;&#x629; &#x627;&#x644;&#x645;&#x62C;&#x645;&#x639;&#x629;</subfield>
    <subfield code="c">Ma-Un</subfield>
  </datafield>
  <datafield tag="082" ind1="0" ind2="4">
    <subfield code="2">21</subfield>
    <subfield code="a">658.4012</subfield>
    <subfield code="b">&#x633; &#x627; &#x625;</subfield>
  </datafield>
  <datafield tag="100" ind1="1" ind2=" ">
    <subfield code="a">&#x627;&#x644;&#x633;&#x64A;&#x62F;&#x60C; &#x625;&#x633;&#x645;&#x627;&#x639;&#x64A;&#x644; &#x645;&#x62D;&#x645;&#x62F;.</subfield>
    <subfield code="9">14224</subfield>
  </datafield>
  <datafield tag="245" ind1="1" ind2="2">
    <subfield code="a">&#x627;&#x644;&#x625;&#x62F;&#x627;&#x631;&#x629; &#x627;&#x644;&#x627;&#x633;&#x62A;&#x631;&#x627;&#x62A;&#x64A;&#x62C;&#x64A;&#x629; :</subfield>
    <subfield code="b">&#x645;&#x641;&#x627;&#x647;&#x64A;&#x645; &#x648;&#x62D;&#x627;&#x644;&#x627;&#x62A; &#x62A;&#x637;&#x628;&#x64A;&#x642;&#x64A;&#x629; /</subfield>
    <subfield code="c">&#x62A;&#x623;&#x644;&#x64A;&#x641; &#x625;&#x633;&#x645;&#x627;&#x639;&#x64A;&#x644; &#x645;&#x62D;&#x645;&#x62F; &#x627;&#x644;&#x633;&#x64A;&#x62F;.</subfield>
  </datafield>
  <datafield tag="250" ind1=" " ind2=" ">
    <subfield code="a">&#x637;. 1.</subfield>
  </datafield>
  <datafield tag="260" ind1=" " ind2=" ">
    <subfield code="a">&#x627;&#x644;&#x625;&#x633;&#x643;&#x646;&#x62F;&#x631;&#x64A;&#x629;&#x60C; &#x645;&#x635;&#x631; :</subfield>
    <subfield code="b">&#x627;&#x644;&#x645;&#x643;&#x62A;&#x628; &#x627;&#x644;&#x639;&#x631;&#x628;&#x64A; &#x627;&#x644;&#x62D;&#x62F;&#x64A;&#x62B;&#x60C;</subfield>
    <subfield code="c">2012</subfield>
  </datafield>
  <datafield tag="300" ind1=" " ind2=" ">
    <subfield code="a">503 &#x635;. :</subfield>
    <subfield code="b">&#x625;&#x64A;&#x636;. &#x61B;</subfield>
    <subfield code="c">24 &#x633;&#x645;.</subfield>
  </datafield>
  <datafield tag="650" ind1=" " ind2="7">
    <subfield code="2">aucsh</subfield>
    <subfield code="a">&#x627;&#x644;&#x625;&#x62F;&#x627;&#x631;&#x629; &#x627;&#x644;&#x627;&#x633;&#x62A;&#x631;&#x627;&#x62A;&#x64A;&#x62C;&#x64A;&#x629;</subfield>
    <subfield code="9">9881</subfield>
  </datafield>
  <datafield tag="650" ind1=" " ind2="7">
    <subfield code="2">aucsh</subfield>
    <subfield code="a">&#x625;&#x62F;&#x627;&#x631;&#x629; &#x627;&#x644;&#x623;&#x639;&#x645;&#x627;&#x644;</subfield>
    <subfield code="9">73737</subfield>
  </datafield>
  <datafield tag="942" ind1=" " ind2=" ">
    <subfield code="2">ddc</subfield>
    <subfield code="c">BOOK</subfield>
  </datafield>
  <datafield tag="952" ind1=" " ind2=" ">
    <subfield code="1">0</subfield>
    <subfield code="2">2013-03-10</subfield>
    <subfield code="4">0</subfield>
    <subfield code="7">1</subfield>
    <subfield code="a">658.4012 658.4012 &#x625; &#x627; &#x625;</subfield>
    <subfield code="c">1</subfield>
    <subfield code="d">2012-05-26</subfield>
    <subfield code="h">SRM</subfield>
    <subfield code="i">202025</subfield>
    <subfield code="l">stacks td</subfield>
    <subfield code="m">SRM</subfield>
    <subfield code="r">2013-03-10 00:00:00</subfield>
    <subfield code="t">BOOK</subfield>
    <subfield code="w">ddc</subfield>
    <subfield code="y">0</subfield>
  </datafield>
  <datafield tag="952" ind1=" " ind2=" ">
    <subfield code="1">0</subfield>
    <subfield code="2">2013-03-10</subfield>
    <subfield code="4">0</subfield>
    <subfield code="7">0</subfield>
    <subfield code="a">658.4012 658.4012 &#x625; &#x627; &#x625;</subfield>
    <subfield code="c">2</subfield>
    <subfield code="d">2012-05-26</subfield>
    <subfield code="h">SRM</subfield>
    <subfield code="i">202026</subfield>
    <subfield code="l">stacks td</subfield>
    <subfield code="m">SRM</subfield>
    <subfield code="r">2013-03-10 00:00:00</subfield>
    <subfield code="t">BOOK</subfield>
    <subfield code="w">ddc</subfield>
    <subfield code="y">0</subfield>
  </datafield>
  <datafield tag="952" ind1=" " ind2=" ">
    <subfield code="1">0</subfield>
    <subfield code="2">2013-03-10</subfield>
    <subfield code="4">0</subfield>
    <subfield code="7">1</subfield>
    <subfield code="a">658.4012 658.4012 &#x625; &#x627; &#x625;</subfield>
    <subfield code="c">1</subfield>
    <subfield code="d">2012-05-27</subfield>
    <subfield code="h">SRF</subfield>
    <subfield code="i">204080</subfield>
    <subfield code="l">stacks td</subfield>
    <subfield code="m">SRF</subfield>
    <subfield code="r">2013-03-10 00:00:00</subfield>
    <subfield code="t">BOOK</subfield>
    <subfield code="w">ddc</subfield>
    <subfield code="y">0</subfield>
  </datafield>
  <datafield tag="952" ind1=" " ind2=" ">
    <subfield code="1">0</subfield>
    <subfield code="2">2013-03-10</subfield>
    <subfield code="4">0</subfield>
    <subfield code="7">0</subfield>
    <subfield code="a">658.4012 658.4012 &#x625; &#x627; &#x625;</subfield>
    <subfield code="c">2</subfield>
    <subfield code="d">2012-05-27</subfield>
    <subfield code="h">SRF</subfield>
    <subfield code="i">204081</subfield>
    <subfield code="l">stacks td</subfield>
    <subfield code="m">SRF</subfield>
    <subfield code="q">2023-05-09</subfield>
    <subfield code="r">2023-05-10 00:00:00</subfield>
    <subfield code="t">BOOK</subfield>
    <subfield code="w">ddc</subfield>
    <subfield code="y">2</subfield>
  </datafield>
  <datafield tag="952" ind1=" " ind2=" ">
    <subfield code="1">0</subfield>
    <subfield code="2">2013-03-10</subfield>
    <subfield code="4">0</subfield>
    <subfield code="7">1</subfield>
    <subfield code="a">658.4012 658.4012 &#x625; &#x627; &#x625;</subfield>
    <subfield code="c">1</subfield>
    <subfield code="d">2012-05-29</subfield>
    <subfield code="h">CL</subfield>
    <subfield code="i">205691</subfield>
    <subfield code="l">stacks td</subfield>
    <subfield code="m">CL</subfield>
    <subfield code="r">2013-03-10 00:00:00</subfield>
    <subfield code="t">BOOK</subfield>
    <subfield code="w">ddc</subfield>
    <subfield code="y">0</subfield>
  </datafield>
  <datafield tag="952" ind1=" " ind2=" ">
    <subfield code="1">0</subfield>
    <subfield code="2">2013-03-10</subfield>
    <subfield code="4">0</subfield>
    <subfield code="7">0</subfield>
    <subfield code="a">658.4012 658.4012 &#x625; &#x627; &#x625;</subfield>
    <subfield code="c">2</subfield>
    <subfield code="d">2012-05-29</subfield>
    <subfield code="h">CL</subfield>
    <subfield code="i">205690</subfield>
    <subfield code="l">stacks td</subfield>
    <subfield code="m">CL</subfield>
    <subfield code="r">2013-03-10 00:00:00</subfield>
    <subfield code="t">BOOK</subfield>
    <subfield code="w">ddc</subfield>
    <subfield code="y">0</subfield>
  </datafield>
  <datafield tag="952" ind1=" " ind2=" ">
    <subfield code="1">0</subfield>
    <subfield code="2">2013-03-10</subfield>
    <subfield code="4">0</subfield>
    <subfield code="7">0</subfield>
    <subfield code="a">658.4012 658.4012 &#x625; &#x627; &#x625;</subfield>
    <subfield code="c">3</subfield>
    <subfield code="d">2012-05-29</subfield>
    <subfield code="h">CL</subfield>
    <subfield code="i">205689</subfield>
    <subfield code="l">stacks td</subfield>
    <subfield code="m">CL</subfield>
    <subfield code="q">2014-09-09</subfield>
    <subfield code="r">2014-10-14 00:00:00</subfield>
    <subfield code="t">BOOK</subfield>
    <subfield code="w">ddc</subfield>
    <subfield code="y">1</subfield>
  </datafield>
  <datafield tag="952" ind1=" " ind2=" ">
    <subfield code="1">0</subfield>
    <subfield code="2">2019-07-18</subfield>
    <subfield code="4">0</subfield>
    <subfield code="7">0</subfield>
    <subfield code="a">658.4012 &#x633; &#x627; &#x625;</subfield>
    <subfield code="d">2019-07-18</subfield>
    <subfield code="h">CL</subfield>
    <subfield code="i">00256324</subfield>
    <subfield code="m">CL</subfield>
    <subfield code="r">2019-07-18 00:00:00</subfield>
    <subfield code="t">BOOK</subfield>
    <subfield code="w">ddc</subfield>
    <subfield code="y">0</subfield>
  </datafield>
  <datafield tag="952" ind1=" " ind2=" ">
    <subfield code="1">0</subfield>
    <subfield code="2">2019-07-18</subfield>
    <subfield code="4">0</subfield>
    <subfield code="7">0</subfield>
    <subfield code="a">658.4012 &#x633; &#x627; &#x625;</subfield>
    <subfield code="d">2019-07-18</subfield>
    <subfield code="h">CL</subfield>
    <subfield code="i">00256325</subfield>
    <subfield code="m">CL</subfield>
    <subfield code="o">1</subfield>
    <subfield code="q">2025-01-29</subfield>
    <subfield code="r">2025-04-20 00:00:00</subfield>
    <subfield code="t">BOOK</subfield>
    <subfield code="w">ddc</subfield>
    <subfield code="y">1</subfield>
  </datafield>
  <datafield tag="952" ind1=" " ind2=" ">
    <subfield code="1">0</subfield>
    <subfield code="2">2019-07-18</subfield>
    <subfield code="4">0</subfield>
    <subfield code="7">0</subfield>
    <subfield code="a">658.4012 &#x633; &#x627; &#x625;</subfield>
    <subfield code="d">2019-07-18</subfield>
    <subfield code="h">SZM</subfield>
    <subfield code="i">00256434</subfield>
    <subfield code="m">SZM</subfield>
    <subfield code="r">2019-07-18 00:00:00</subfield>
    <subfield code="t">BOOK</subfield>
    <subfield code="w">ddc</subfield>
    <subfield code="y">0</subfield>
  </datafield>
  <datafield tag="952" ind1=" " ind2=" ">
    <subfield code="1">0</subfield>
    <subfield code="2">2019-07-18</subfield>
    <subfield code="4">0</subfield>
    <subfield code="7">0</subfield>
    <subfield code="a">658.4012 &#x633; &#x627; &#x625;</subfield>
    <subfield code="d">2019-07-18</subfield>
    <subfield code="h">SZM</subfield>
    <subfield code="i">00256435</subfield>
    <subfield code="m">SZM</subfield>
    <subfield code="r">2019-07-18 00:00:00</subfield>
    <subfield code="t">BOOK</subfield>
    <subfield code="w">ddc</subfield>
    <subfield code="y">0</subfield>
  </datafield>
  <datafield tag="952" ind1=" " ind2=" ">
    <subfield code="1">0</subfield>
    <subfield code="2">2019-07-18</subfield>
    <subfield code="4">0</subfield>
    <subfield code="7">0</subfield>
    <subfield code="a">658.4012 &#x633; &#x627; &#x625;</subfield>
    <subfield code="d">2019-07-18</subfield>
    <subfield code="h">SGF</subfield>
    <subfield code="i">00256436</subfield>
    <subfield code="m">SGF</subfield>
    <subfield code="r">2019-07-18 00:00:00</subfield>
    <subfield code="t">BOOK</subfield>
    <subfield code="w">ddc</subfield>
    <subfield code="y">0</subfield>
  </datafield>
</record>
